000 00596nam a2200181Ia 4500
008 151018s9999 xx 000 0 und d
082 _bRBASDV53136
_a891.463
100 _aसत्यजित रे
245 _aगंगटोकमधील गडबड
250 _b1
260 _bरोहन प्रकाशन पुणे
_c2010
300 _a103
600 _aसत्यजित रे
630 _aगंगटोकमधील गडबड
700 _aसत्यजित रे
730 _aगंगटोकमधील गडबड
942 _cBOOK
999 _c1051357
_d1051354